Tracing Eisenman : (Record no. 352866)
[ view plain ]
| 000 -LEADER | |
|---|---|
| fixed length control field | 00764 a2200217 4500 |
| 003 - CONTROL NUMBER IDENTIFIER | |
| control field | OSt |
| 005 - DATE AND TIME OF LATEST TRANSACTION | |
| control field | 20180116192349.0 |
| 008 - FIXED-LENGTH DATA ELEMENTS--GENERAL INFORMATION | |
| fixed length control field | 120531t xxu||||| |||| 00| 0 eng d |
| 020 ## - INTERNATIONAL STANDARD BOOK NUMBER | |
| International Standard Book Number | 9780500342251 (hbk.) |
| 020 ## - INTERNATIONAL STANDARD BOOK NUMBER | |
| International Standard Book Number | 0500342253 |
| 040 ## - CATALOGING SOURCE | |
| Transcribing agency | 0 |
| 082 04 - DEWEY DECIMAL CLASSIFICATION NUMBER | |
| Classification number | 720.92 |
| 245 00 - TITLE STATEMENT | |
| Title | Tracing Eisenman : |
| Remainder of title | Peter Eisenman complete works / |
| Statement of responsibility, etc. | with essays by Stan Allen ... [et al.] ; edited by Cynthia Davidson. |
| 260 ## - PUBLICATION, DISTRIBUTION, ETC. | |
| Place of publication, distribution, etc. | London : |
| Name of publisher, distributor, etc. | Thames & Hudson, |
| Date of publication, distribution, etc. | c2006. |
| 300 ## - PHYSICAL DESCRIPTION | |
| Extent | 400 p. : |
| Other physical details | ill. (chiefly col.) ; |
| Dimensions | 28 cm. |
| 500 ## - GENERAL NOTE | |
| General note | Includes bibliographical references. |
| 600 10 - SUBJECT ADDED ENTRY--PERSONAL NAME | |
| Personal name | Eisenman, Peter, |
| Dates associated with a name | 1932- |
| 9 (RLIN) | 3128 |
| 700 1# - ADDED ENTRY--PERSONAL NAME | |
| Relator code | Davidson, Cynthia C. |
| 9 (RLIN) | 3129 |
| 942 ## - ADDED ENTRY ELEMENTS (KOHA) | |
| Institution code [OBSOLETE] | SADA |
| Koha item type | Reference |
| Call number prefix | 720.92 TRA 2006 |
| Source of classification or shelving scheme | |
| Withdrawn status | Lost status | Source of classification or shelving scheme | Damaged status | Not for loan | Permanent Location | Current Location | Date acquired | Total Checkouts | Total Renewals | Full call number | Barcode | Date last seen | Date last checked out | Cost, replacement price | Price effective from | Koha item type |
|---|---|---|---|---|---|---|---|---|---|---|---|---|---|---|---|---|
| School of Art Design and Architecture (SADA) | School of Art Design and Architecture (SADA) | 04/14/2011 | 2 | 1 | REF 720.92 TRA 2006 | SADA0000912 | 11/14/2011 | 10/28/2011 | 3843.00 | 08/05/2011 | Reference |
